Managerial accounting : creating value in a dynamic business environment /

The emphasis of this book is on teaching students to use accounting information to best manage an organization. Each chapter is written around a realistic business or focus company that guides the reader through the topics of that chapter

Enregistré dans:
Détails bibliographiques
Auteur principal: Hilton, Ronald W.
Format: Livre
Publié: Boston : McGraw-Hill/Irwin, c2008.
Édition:7th ed.
Sujets:
Accès en ligne:http://www.loc.gov/catdir/toc/ecip0614/2006018043.html
http://www.loc.gov/catdir/enhancements/fy0668/2006018043-d.html
http://www.loc.gov/catdir/enhancements/fy0737/2006018043-b.html
Tags: Ajouter un tag
Pas de tags, Soyez le premier à ajouter un tag!

MARC

LEADER 00000cam a22000004a 4500
005 20251003070110.0
020 |a 9780073022857  |c TZS 8,000/= 
040 |a MCCL  |b eng.  |e AACR 2nd rev. ed. 
082 0 0 |a 658.1511 HIL 
100 1 |a Hilton, Ronald W. 
245 1 0 |a Managerial accounting :  |b creating value in a dynamic business environment /  |c Ronald W. Hilton. 
250 |a 7th ed. 
260 |a Boston :  |b McGraw-Hill/Irwin,  |c c2008. 
300 |a xxxv, 824 p. :  |b col. ill. ;  |c 28 cm. 
504 |a Includes bibliographical references (p. 796-798) and indexes. 
520 |a The emphasis of this book is on teaching students to use accounting information to best manage an organization. Each chapter is written around a realistic business or focus company that guides the reader through the topics of that chapter 
546 |a eng. 
650 0 |a Managerial accounting. 
700 |a Hilton, Ronald W. 
856 4 1 |u http://www.loc.gov/catdir/toc/ecip0614/2006018043.html 
856 4 2 |u http://www.loc.gov/catdir/enhancements/fy0668/2006018043-d.html 
856 4 2 |u http://www.loc.gov/catdir/enhancements/fy0737/2006018043-b.html 
942 |c BK 
999 |c 11654  |d 11654